FA (Record no. 121881)

MARC details
000 -LEADER
fixed length control field 01494cam a2200217 4500
008 - FIXED-LENGTH DATA ELEMENTS--GENERAL INFORMATION
fixed length control field 240403s2007 xxk r 000 0 eng u
020 ## - INTERNATIONAL STANDARD BOOK NUMBER
International Standard Book Number 9780418851609
041 0# - LANGUAGE CODE
Language code of text/sound track or separate title eng
110 2# - MAIN ENTRY--CORPORATE NAME
Corporate name or jurisdiction name as entry element Joint Contracts Tribunal
9 (RLIN) 3664
240 00 - UNIFORM TITLE
Uniform title FA
245 00 - TITLE STATEMENT
Title FA
Remainder of title Framework Agreement 2007
260 ## - PUBLICATION, DISTRIBUTION, ETC.
Place of publication, distribution, etc. London
Name of publisher, distributor, etc. Thompson Sweet and Maxwell
Date of publication, distribution, etc. 2007
300 ## - PHYSICAL DESCRIPTION
Extent ii, 26p.
Dimensions 30cm.
350 ## - PRICE (NR) (BK AM CF MU VM SE) [OBSOLETE]
Price 31.67
505 2# - FORMATTED CONTENTS NOTE
Formatted contents note Definitions -- The JCT Framework Agreement -- The role of the framework agreement -- The framework objectives -- Performance monitoring and appraisal -- The framework objectives -- Performance monitoring and appraisal -- The framework term -- Public sector considerations -- Legal status of framwork agreement -- Contracts (Rights of Third Parties) Act 1999 -- Applicable law and jurisdiction -- Organisational structures and decision making -- Collaborative Working -- The service provider's supply chain -- Sharing of information an know-how -- Communications protocol -- Confidentiality -- Risk assessment and risk allocation -- Health and safety -- Sustainable development and environmental considerations -- Value engineering -- Change control procedures -- Early warning -- Team approach to problem solving -- Performance indicators -- Termination -- Settlement of disputes
650 24 - SUBJECT ADDED ENTRY--TOPICAL TERM
Topical term or geographic name entry element CONTRACTS (RIGHTS OF THIRD PARTIES) ACT 1999
650 24 - SUBJECT ADDED ENTRY--TOPICAL TERM
Topical term or geographic name entry element JCT FRAMEWORK AGREEMENT (2007 EDITION)
651 #4 - SUBJECT ADDED ENTRY--GEOGRAPHIC NAME
Geographic name United Kingdom
690 ## - LOCAL SUBJECT ADDED ENTRY--TOPICAL TERM (OCLC, RLIN)
Topical term or geographic name as entry element Construction management
9 (RLIN) 6230
942 ## - ADDED ENTRY ELEMENTS (KOHA)
Suppress in OPAC 0
Source of classification or shelving scheme Dewey Decimal Classification
Holdings
Withdrawn status Lost status Damaged status Not for loan Home library Current library Shelving location Date acquired Total Checkouts Full call number Date last seen Price effective from Koha item type
        London London Boxed set 03/04/2024   JCT 2007/3 03/04/2024 03/04/2024 Book